[Event "Las Palmas-chT"]
[Site "Las Palmas"]
[Date "2011.02.19"]
[Round "6.2"]
[White "Gonzalez Perez, Lutgarda"]
[Black "Cruz Pino, Adrian"]
[Result "1-0"]
[WhiteElo "2125"]
[BlackElo "1889"]
[PlyCount "77"]
[EventDate "2011.01.15"]
[EventType "team-swiss"]
[EventRounds "14"]
[EventCountry "ESP"]
[SourceTitle "EXT 2012"]
[Source "ChessBase"]
[SourceDate "2011.11.24"]
[SourceVersion "1"]
[SourceVersionDate "2011.11.24"]
[SourceQuality "1"]
[WhiteTeam "Villa de Teror"]
[BlackTeam "Telde Los Llanos"]
[WhiteTeamCountry "ESP"]
[BlackTeamCountry "ESP"]

1. d4 Nf6 2. Nf3 e6 3. g3 c5 4. e3 b6 5. Bg2 Bb7 6. 0-0 Be7 7. b3 0-0 8. Bb2 Na6 9. Nbd2 Rc8 10. c4 Ba8 11. Qe2 cxd4 12. exd4 Nc7 13. Rac1 Nce8 14. Rfe1 d6 15. d5 e5 16. Nh4 g6 17. f4 Nd7 18. Nhf3 f6 19. Rcd1 Rc7 20. Ba1 Bb7 21. Nd4 Nc5 22. Nb5 Rc8 23. b4 Na6 24. Nxa7 Ra8 25. Nc6 Bxc6 26. dxc6 Nxb4 27. c7 Nxc7 28. Bxa8 Qxa8 29. Ne4 Ne8 30. Rb1 Qa4 31. Nc3 Qa5 32. Nb5 Nc6 33. Qe4 Nd8 34. Qd5+ Rf7 35. Bc3 Qxa2 36. Ra1 Qc2 37. Ra7 Bf8 38. fxe5 Qf5 39. Rxf7 1-0

[Event "Vecindario Canarias op 4th"]
[Site "Vecindario"]
[Date "2010.07.24"]
[Round "8"]
[White "Gonzalez Perez, Lutgarda"]
[Black "Leon Varela, Luis"]
[Result "0-1"]
[WhiteElo "2133"]
[BlackElo "2170"]
[PlyCount "76"]
[EventDate "2010.07.18"]
[EventType "swiss"]
[EventRounds "9"]
[EventCountry "ESP"]
[SourceTitle "CBM 137 Extra"]
[Source "ChessBase"]
[SourceDate "2010.09.01"]
[SourceVersion "1"]
[SourceVersionDate "2010.09.01"]
[SourceQuality "1"]

1. d4 Nf6 2. Nf3 c5 3. c3 cxd4 4. cxd4 d5 5. g3 Nc6 6. Bg2 Bf5 7. 0-0 e6 8. Nc3 Bd6 9. a3 h6 10. e3 0-0 11. Nh4 Bh7 12. f4 Rc8 13. f5 Ne7 14. fxe6 fxe6 15. Bd2 g5 16. Nf3 Bd3 17. Re1 Ng6 18. Bc1 Bf5 19. Qe2 Rxc3 20. bxc3 Ne4 21. c4 g4 22. Nd2 Nc3 23. Qf1 Bc2 24. cxd5 Rxf1+ 25. Nxf1 exd5 26. Nd2 Qa5 27. Bb2 Na4 28. Bc1 Ne7 29. Kf2 Nc3 30. Bb2 Na4 31. Bc1 Nc3 32. Bb2 Ne4+ 33. Nxe4 Bxe4 34. Re2 Bxg2 35. Kxg2 Qb5 36. Rf2 Nf5 37. Re1 Qd3 38. Bc1 Qe4+ 0-1

[Event "Vecindario Canarias op 4th"]
[Site "Vecindario"]
[Date "2010.07.23"]
[Round "7"]
[White "Vega Gutierrez, Belinda Vidina"]
[Black "Gonzalez Perez, Lutgarda"]
[Result "1/2-1/2"]
[WhiteElo "2266"]
[BlackElo "2133"]
[PlyCount "107"]
[EventDate "2010.07.18"]
[EventType "swiss"]
[EventRounds "9"]
[EventCountry "ESP"]
[SourceTitle "CBM 137 Extra"]
[Source "ChessBase"]
[SourceDate "2010.09.01"]
[SourceVersion "1"]
[SourceVersionDate "2010.09.01"]
[SourceQuality "1"]

1. e4 c6 2. d4 d5 3. Nc3 dxe4 4. Nxe4 Bf5 5. Ng3 Bg6 6. h4 h6 7. Nf3 Nd7 8. h5 Bh7 9. Bd3 Bxd3 10. Qxd3 Qc7 11. Bd2 e6 12. Ne4 Ngf6 13. 0-0-0 0-0-0 14. g3 Nxe4 15. Qxe4 Nf6 16. Qe2 Bd6 17. c4 c5 18. Bc3 cxd4 19. Nxd4 a6 20. Kb1 Bc5 21. f4 Bxd4 22. Bxd4 Rd7 23. Rd3 Rhd8 24. Rhd1 Qc6 25. Qe5 Qe4 26. Qc5+ Qc6 27. Qa7 b6 28. Qxa6+ Qb7 29. Qxb7+ Kxb7 30. Kc2 Nxh5 31. Kc3 Rg8 32. Be5 Rxd3+ 33. Rxd3 Nf6 34. Bxf6 gxf6 35. b4 e5 36. fxe5 fxe5 37. Rf3 f5 38. Rxf5 Rxg3+ 39. Kd2 Rg2+ 40. Ke3 Rxa2 41. Rxe5 Rh2 42. Re7+ Kc6 43. Re6+ Kc7 44. Re7+ Kc6 45. b5+ Kc5 46. Rc7+ Kb4 47. Rc6 Rh5 48. Kd3 Rh4 49. Rxb6 Rxc4 50. Rb8 Rc7 51. b6 Rd7+ 52. Ke4 Kc5 53. b7 Kb6 54. Rh8 1/2-1/2

[Event "Vecindario Canarias op 4th"]
[Site "Vecindario"]
[Date "2010.07.21"]
[Round "5"]
[White "Hernandez Leon, Alberto"]
[Black "Gonzalez Perez, Lutgarda"]
[Result "1-0"]
[WhiteElo "2274"]
[BlackElo "2133"]
[PlyCount "49"]
[EventDate "2010.07.18"]
[EventType "swiss"]
[EventRounds "9"]
[EventCountry "ESP"]
[SourceTitle "CBM 137 Extra"]
[Source "ChessBase"]
[SourceDate "2010.09.01"]
[SourceVersion "1"]
[SourceVersionDate "2010.09.01"]
[SourceQuality "1"]

1. d4 d5 2. c4 c6 3. Nf3 Nf6 4. Nc3 g6 5. Qb3 Bg7 6. cxd5 cxd5 7. Bg5 e6 8. e3 0-0 9. Bd3 Nc6 10. 0-0 h6 11. Bh4 g5 12. Bg3 Nh5 13. Rac1 Nxg3 14. hxg3 Na5 15. Qb4 Bd7 16. Ne5 Bxe5 17. dxe5 Rc8 18. e4 Nc6 19. Qd6 d4 20. Nb5 Be8 21. Nxd4 Qa5 22. Rc5 Qd2 23. Nb3 Qxb2 24. Rc2 Qxe5 25. Rxc6 1-0

[Event "Vecindario Canarias op 4th"]
[Site "Vecindario"]
[Date "2010.07.19"]
[Round "3"]
[White "Gonzalez Mohamed, Riduan"]
[Black "Gonzalez Perez, Lutgarda"]
[Result "0-1"]
[WhiteElo "1713"]
[BlackElo "2133"]
[PlyCount "87"]
[EventDate "2010.07.18"]
[EventType "swiss"]
[EventRounds "9"]
[EventCountry "ESP"]
[SourceTitle "CBM 137 Extra"]
[Source "ChessBase"]
[SourceDate "2010.09.01"]
[SourceVersion "1"]
[SourceVersionDate "2010.09.01"]
[SourceQuality "1"]

1. c4 c6 2. b3 d5 3. Bb2 Nf6 4. d3 Bf5 5. Nf3 e6 6. Nbd2 Nbd7 7. g3 dxc4 8. bxc4 Bc5 9. Bg2 Qb6 10. d4 Qxb2 11. dxc5 Nxc5 12. 0-0 Rd8 13. Qc1 Qxc1 14. Rfxc1 Ke7 15. Nb3 Nxb3 16. axb3 a6 17. Nh4 Bg6 18. Nxg6+ hxg6 19. b4 Rd7 20. Rcb1 Rc8 21. b5 axb5 22. cxb5 c5 23. b6 Nd5 24. Kf1 f5 25. e4 Nc3 26. Re1 Nxe4 27. Bxe4 fxe4 28. Rxe4 Rc6 29. Rg4 Rxb6 30. Rxg6 Kf7 31. Rg5 Rd5 32. Rg4 Rbd6 33. Ra7 Rd7 34. Ra8 b5 35. Rh8 b4 36. Rh7 Kg8 37. Rgh4 Rb7 38. Rh8+ Kf7 39. Ra8 b3 40. Ra1 Rd2 41. Rc4 Rc2 42. Rf4+ Ke7 43. Rg4 b2 44. Rxg7+ 0-1

[Event "Canarias-ch U20 Girls"]
[Site "Vecindario"]
[Date "2010.06.13"]
[Round "7"]
[White "Gonzalez Perez, Lutgarda"]
[Black "Perez Celis, Alba"]
[Result "1-0"]
[WhiteElo "2144"]
[BlackElo "1787"]
[PlyCount "69"]
[EventDate "2010.06.10"]
[EventType "tourn"]
[EventRounds "7"]
[EventCountry "ESP"]
[SourceTitle "EXT 2012"]
[Source "ChessBase"]
[SourceDate "2011.11.24"]
[SourceVersion "1"]
[SourceVersionDate "2011.11.24"]
[SourceQuality "1"]

1. d4 Nf6 2. Nf3 c5 3. c3 e6 4. g3 b5 5. Bg2 Bb7 6. 0-0 Be7 7. dxc5 Bxc5 8. Qc2 0-0 9. Bg5 d6 10. Bxf6 Qxf6 11. Ng5 Qxg5 12. Bxb7 Nd7 13. Bxa8 Rxa8 14. Nd2 f5 15. Nf3 Qg4 16. Qd2 d5 17. Qf4 Qh5 18. Qc7 Qe8 19. Ne5 Nxe5 20. Qxe5 Rd8 21. Rfe1 Qg6 22. e3 h5 23. a4 h4 24. Kg2 Kf7 25. Qc7+ Be7 26. axb5 Qg4 27. f3 Qg6 28. Rxa7 Re8 29. b6 Kg8 30. b7 f4 31. b8Q Qc2+ 32. Kh3 Rxb8 33. Qxb8+ Kh7 34. Qxf4 hxg3 35. Qxg3 1-0

[Event "Canarias-ch U20 Girls"]
[Site "Vecindario"]
[Date "2010.06.12"]
[Round "5"]
[White "Gonzalez Perez, Lutgarda"]
[Black "Capote Robayna, Johanna"]
[Result "1-0"]
[WhiteElo "2144"]
[BlackElo "1748"]
[PlyCount "113"]
[EventDate "2010.06.10"]
[EventType "tourn"]
[EventRounds "7"]
[EventCountry "ESP"]
[SourceTitle "EXT 2012"]
[Source "ChessBase"]
[SourceDate "2011.11.24"]
[SourceVersion "1"]
[SourceVersionDate "2011.11.24"]
[SourceQuality "1"]

1. d4 Nf6 2. Nf3 d5 3. g3 e6 4. Bg2 c5 5. 0-0 Nc6 6. c3 Be7 7. Nbd2 0-0 8. Re1 Qb6 9. e3 cxd4 10. exd4 Qc7 11. Nf1 b5 12. Bf4 Qb6 13. Ne5 Bb7 14. Ne3 b4 15. N3g4 Rfd8 16. Nxf6+ Bxf6 17. Qh5 g6 18. Qf3 Nxe5 19. dxe5 Bg7 20. h4 Rab8 21. Qe2 h5 22. Be3 Qa5 23. cxb4 Qxb4 24. Bxa7 Rbc8 25. a3 Qa4 26. Bb6 Ba6 27. Qd1 Qxd1 28. Raxd1 Rd7 29. Bf1 Bxf1 30. Kxf1 Rb7 31. Bd4 Rc2 32. Re2 Rbc7 33. Rxc2 Rxc2 34. Ke1 Bh6 35. f4 Bf8 36. Rd2 Rc1+ 37. Ke2 Bc5 38. Bxc5 Rxc5 39. Kd1 Kf8 40. Rc2 Rb5 41. b4 Rb7 42. Kd2 Ke8 43. Kc3 f6 44. a4 Rd7 45. Kd4 fxe5+ 46. fxe5 Kd8 47. Rc6 Ke7 48. a5 Rb7 49. Kc5 Rd7 50. Rd6 Rc7+ 51. Kb6 Rc4 52. b5 Rc3 53. a6 Rxg3 54. a7 Ra3 55. Kb7 Ra5 56. a8Q Rxa8 57. Kxa8 1-0